[Event "5.Mansfelder Schloss-Open"]
[Site "Schloss Mansfeld"]
[Date "2020.07.24"]
[Round "4.6"]
[White "Haubold, Sebastian Marcel"]
[Black "Gazic, Josip"]
[Result "0-1"]
[WhiteElo "1800"]
[BlackElo "2147"]
[PlyCount "121"]
[EventDate "2020.??.??"]

1. e4 e6 2. d4 c5 3. Nf3 cxd4 4. Nxd4 Nf6 5. Bd3 Nc6 6. Nb3 Nb4 7. O-O Nxd3 8.
cxd3 d5 9. e5 Nd7 10. f4 g6 11. Nc3 Nc5 12. d4 Nxb3 13. Qxb3 Qb6 14. Qxb6 axb6
15. Be3 Bd7 16. Rfc1 Bc6 17. a3 Be7 18. Na2 Bb5 19. Nb4 Kd7 20. Bd2 Bc4 21. Bc3
h5 22. Re1 Rhc8 23. Re3 Rc7 24. Rc1 Bb5 25. g3 Rc4 26. h4 Rac8 27. Rce1 Ke8 28.
Kh1 Bd7 29. Kg1 Kf8 30. Rf3 Kg7 31. Rd3 Bb5 32. Rde3 Ba4 33. Rd3 Kf8 34. Kh1
Ke8 35. Kg1 Kd7 36. Rde3 Bxb4 37. axb4 Kc6 38. Ra1 Kb5 39. Ra3 Bc2 40. Kf2 Bf5
41. Kf1 Rb8 42. Re1 Rcc8 43. Ke2 f6 44. exf6 Rf8 45. Kd2 Rxf6 46. Re3 Rf7 47.
Re1 Rc8 48. Ke2 Rfc7 49. Kf2 Rc4 50. Re3 Bg4 51. Rd3 Rf8 52. Ke1 Bf5 53. Re3
Be4 54. Ke2 Rc7 55. Ke1 Rff7 56. Kd2 g5 57. hxg5 h4 58. gxh4 Rxf4 59. Rh3 Rf2+
60. Ke3 Bg2 61. Rg3 0-1

[Event "5.Mansfelder Schloss-Open"]
[Site "Schloss Mansfeld"]
[Date "2020.07.24"]
[Round "4.7"]
[White "Geue, Niklas"]
[Black "Lasschuit, Rene"]
[Result "1-0"]
[WhiteElo "2043"]
[BlackElo "1717"]
[PlyCount "95"]
[EventDate "2020.??.??"]

1. b3 Nf6 2. Bb2 g6 3. e3 Bg7 4. f4 O-O 5. Nf3 d5 6. Be2 c5 7. O-O Nc6 8. Ne5
Nxe5 9. Bxe5 d4 10. h3 dxe3 11. dxe3 Bf5 12. g4 Qxd1 13. Bxd1 Be4 14. Nc3 Bc6
15. Bf3 Bxf3 16. Rxf3 Rad8 17. Rf2 Nd5 18. Bxg7 Kxg7 19. Ne4 b6 20. Re2 Rd7 21.
a3 Rfd8 22. c4 Nf6 23. Nf2 h6 24. Kg2 g5 25. Kf3 Rd2 26. Ra2 R2d7 27. Rab2 Rc7
28. Rec2 Rd6 29. Rc3 a6 30. Rbc2 a5 31. Rb2 Rcd7 32. Kg3 Rd2 33. Rcc2 R2d6 34.
h4 gxh4+ 35. Kxh4 Re6 36. Re2 Ne4 37. Nxe4 Rxe4 38. Kg3 Re6 39. Kf3 Rd3 40. f5
Red6 41. Kf4 f6 42. Rb1 e5+ 43. Ke4 Rc3 44. Rh2 Rd8 45. a4 Rh8 46. Rd2 h5 47.
Rd7+ Kf8 48. Rbd1 1-0

[Event "5.Mansfelder Schloss-Open"]
[Site "Schloss Mansfeld"]
[Date "2020.07.24"]
[Round "4.8"]
[White "Kageler, Anton Paul"]
[Black "Reuter, Elisa"]
[Result "0-1"]
[WhiteElo "1730"]
[BlackElo "1921"]
[PlyCount "104"]
[EventDate "2020.??.??"]

1. e4 c5 2. Nf3 Nc6 3. d4 cxd4 4. Nxd4 g6 5. Nc3 Bg7 6. Be3 Nf6 7. Bc4 Qa5 8.
O-O O-O 9. Bb3 d6 10. h3 Bd7 11. Re1 Rac8 12. Nd5 Rfe8 13. Bd2 Qd8 14. Bc3 Nxd5
15. exd5 Na5 16. Qd3 Rc5 17. Re3 Nxb3 18. Nxb3 Bf5 19. Qd1 Rc4 20. Qe2 Qc7 21.
g4 Bxc3 22. Rxc3 Rxc3 23. bxc3 Bc8 24. c4 b6 25. Nd4 Bd7 26. Rd1 Kf8 27. h4 Qc8
28. f3 e5 29. dxe6 Bxe6 30. Nxe6+ Rxe6 31. Qd3 Qc5+ 32. Kg2 Ke7 33. Rd2 Kd7 34.
Qb3 a5 35. Kf1 Kc7 36. Qd3 Re3 37. Qd5 Qxd5 38. cxd5 Rxf3+ 39. Kg2 Re3 40. Rf2
Re7 41. c4 Kd8 42. Kf3 Rc7 43. Rb2 Rxc4 44. Rxb6 Rd4 45. Rxd6+ Ke7 46. Rc6 Rxd5
47. Rc3 Rd4 48. Ra3 a4 49. Rc3 Kf6 50. Rc6+ Kg7 51. Rc3 h5 52. gxh5 Rxh4 0-1

[Event "5.Mansfelder Schloss-Open"]
[Site "Schloss Mansfeld"]
[Date "2020.07.24"]
[Round "4.9"]
[White "Schlierf, Heiko"]
[Black "Kaschuba, Juergen"]
[Result "1-0"]
[WhiteElo "1903"]
[BlackElo "1683"]
[PlyCount "147"]
[EventDate "2020.??.??"]

1. Nf3 Nf6 2. g3 d5 3. Bg2 c6 4. b3 Nbd7 5. Bb2 g6 6. O-O Bg7 7. d3 O-O 8. Nbd2
Qc7 9. c4 e6 10. Qc2 e5 11. cxd5 Nxd5 12. Ba3 Re8 13. Rac1 N7b6 14. Ne4 Rd8 15.
Rfd1 Bh6 16. Rb1 Be6 17. Nc5 Bd7 18. e4 Nf6 19. Bb2 Re8 20. h3 Rad8 21. d4 exd4
22. Bxd4 Bg7 23. Qb2 Nh5 24. Bxg7 Nxg7 25. Rd2 Bc8 26. Rbd1 Rxd2 27. Rxd2 Rd8
28. a4 Rxd2 29. Qxd2 Nd7 30. Nd3 Nf8 31. Qc3 Qe7 32. Nd2 Be6 33. f4 Qd7 34. g4
f5 35. Ne5 Qc7 36. exf5 gxf5 37. Ndc4 Qd8 38. Kh2 fxg4 39. hxg4 Qh4+ 40. Qh3
Qxh3+ 41. Bxh3 Bxc4 42. Nxc4 Nfe6 43. f5 Nd4 44. Nd2 c5 45. Bg2 b6 46. Bd5+ Kf8
47. Kg3 Ke7 48. Ne4 Ne8 49. Kf4 h6 50. Ke3 Nf6 51. Nxf6 Kxf6 52. Ke4 Nc2 53.
Bc4 Nb4 54. Be2 Na2 55. Bf3 Nb4 56. Bd1 Na2 57. Kd3 Ke5 58. Bf3 Nc1+ 59. Kc4
Na2 60. Be2 Nb4 61. Kb5 Kd5 62. Bd1 Ke5 63. a5 Kd6 64. axb6 axb6 65. Kxb6 Nd5+
66. Kb7 Nf6 67. Bf3 Nd7 68. Kc8 Ke7 69. Kc7 Ne5 70. Bd1 c4 71. b4 c3 72. b5
Nxg4 73. b6 Nf6 74. b7 1-0

[Event "5.Mansfelder Schloss-Open"]
[Site "Schloss Mansfeld"]
[Date "2020.07.24"]
[Round "4.10"]
[White "Gremmer, Dieter"]
[Black "Dr.Mahnke, Ralf"]
[Result "1/2-1/2"]
[WhiteElo "1720"]
[BlackElo "1870"]
[PlyCount "39"]
[EventDate "2020.??.??"]

1. e4 e5 2. Nf3 Nc6 3. Bb5 a6 4. Ba4 Nf6 5. d3 d6 6. h3 Be7 7. c3 O-O 8. O-O b5
9. Bc2 Bb7 10. Re1 h6 11. Nbd2 Re8 12. Nf1 Bf8 13. Be3 Nb8 14. Ng3 g6 15. Qc1
Kh7 16. Bb3 Re7 17. Nh4 Bc8 18. Rf1 Be6 19. Bc2 Nbd7 20. d4 1/2-1/2

[Event "5.Mansfelder Schloss-Open"]
[Site "Schloss Mansfeld"]
[Date "2020.07.25"]
[Round "5.1"]
[White "Pikalow, Michael"]
[Black "Maltezeanu, Stefan"]
[Result "0-1"]
[WhiteElo "1823"]
[BlackElo "2152"]
[PlyCount "132"]
[EventDate "2020.??.??"]

1. e4 c5 2. Nf3 d6 3. Nc3 Nf6 4. d4 cxd4 5. Nxd4 g6 6. Be3 Bg7 7. f3 h5 8. Qd2
a6 9. Be2 b5 10. b4 O-O 11. O-O Bb7 12. a4 bxa4 13. Nxa4 Nfd7 14. Ra3 Nc6 15.
Nb3 Qc7 16. c4 Rfc8 17. c5 dxc5 18. Nbxc5 Nxc5 19. bxc5 Rd8 20. Qa2 Nd4 21. Bc4
e6 22. Bg5 Re8 23. Rd1 Rab8 24. Rad3 e5 25. Kh1 Bc6 26. Nb6 Bb5 27. Bxb5 axb5
28. Qd5 Ne6 29. Nd7 Nxg5 30. Nxb8 Qxb8 31. Qd7 Ne6 32. c6 Nd4 33. Ra3 Qc8 34.
Ra7 Qxd7 35. cxd7 Rd8 36. Rc1 Kf8 37. Rc8 Ke7 38. Rxd8 Kxd8 39. Rb7 Bh6 40. Kg1
Bd2 41. Kf2 b4 42. h3 b3 43. h4 Bc1 44. Ke1 b2 45. Kd1 Ne6 46. g3 Nc5 47. Rb5
Nxd7 48. Kc2 Ke7 49. g4 hxg4 50. fxg4 Ke6 51. h5 gxh5 52. gxh5 Kf6 53. Rd5 Nf8
54. Rd1 Ne6 55. Rd3 Nd4+ 56. Kb1 Kg5 57. Rh3 Kh6 58. Ka2 Ne2 59. Kb1 Nf4 60.
Rb3 Kxh5 61. Ka2 Kg5 62. Rb7 f6 63. Rb6 Ne2 64. Rb3 Kf4 65. Kb1 Kxe4 66. Kc2
Nd4+ 0-1

[Event "5.Mansfelder Schloss-Open"]
[Site "Schloss Mansfeld"]
[Date "2020.07.25"]
[Round "5.2"]
[White "Just, Wolfgang"]
[Black "Solberg, Joachim"]
[Result "1/2-1/2"]
[WhiteElo "2138"]
[BlackElo "2253"]
[PlyCount "31"]
[EventDate "2020.??.??"]

1. f4 d5 2. e3 g6 3. Nf3 Bg7 4. d4 Nh6 5. c4 e6 6. Nc3 O-O 7. Be2 b6 8. O-O Bb7
9. Bd2 Nd7 10. Qc2 c5 11. cxd5 exd5 12. Ne5 cxd4 13. exd4 Nf5 14. Qd3 Nd6 15.
Qh3 f5 16. Bd1 1/2-1/2

[Event "5.Mansfelder Schloss-Open"]
[Site "Schloss Mansfeld"]
[Date "2020.07.25"]
[Round "5.3"]
[White "Hourigan, Gerrit"]
[Black "van der Hoeven"]
[Result "1/2-1/2"]
[WhiteElo "2271"]
[BlackElo "1964"]
[PlyCount "103"]
[EventDate "2020.??.??"]

1. e4 c5 2. Nf3 d6 3. Nc3 Nf6 4. d4 cxd4 5. Nxd4 e5 6. Bb5+ Nbd7 7. Nf5 a6 8.
Bxd7+ Qxd7 9. Ne3 Qc6 10. Qd3 Be6 11. O-O Rc8 12. Ncd5 Bxd5 13. exd5 Qc5 14. c4
g6 15. b3 Bg7 16. a4 O-O 17. Ba3 Qb6 18. b4 Qd4 19. Qb3 Nh5 20. Rad1 Qe4 21. c5
f5 22. Qc4 Nf6 23. Rc1 Bh6 24. Qxe4 Nxe4 25. Rfd1 Bg5 26. Rc2 b5 27. Nf1 bxa4
28. f3 Nf6 29. g3 f4 30. h4 Bh6 31. g4 g5 32. hxg5 Bxg5 33. Bb2 Nd7 34. Nd2
dxc5 35. Rdc1 Be7 36. Ne4 Rfd8 37. bxc5 Nxc5 38. Nxc5 Rxd5 39. Nxa4 Rxc2 40.
Rxc2 Rd3 41. Kg2 e4 42. fxe4 Rg3+ 43. Kf1 Rxg4 44. e5 f3 45. Nb6 Kf7 46. Rf2
Rg3 47. Bd4 Rh3 48. Kg1 Bh4 49. Rc2 Rg3+ 50. Kf1 Rh3 51. Bg1 Bg3 52. Rc3
1/2-1/2

[Event "5.Mansfelder Schloss-Open"]
[Site "Schloss Mansfeld"]
[Date "2020.07.25"]
[Round "5.4"]
[White "Hoffmann, Hendrik"]
[Black "Schlierf, Heiko"]
[Result "1/2-1/2"]
[WhiteElo "2250"]
[BlackElo "1903"]
[PlyCount "83"]
[EventDate "2020.??.??"]

1. e4 d5 2. exd5 Nf6 3. Bb5+ Bd7 4. Be2 Nxd5 5. d4 g6 6. Nf3 Bg7 7. c4 Nb6 8.
h3 O-O 9. O-O Bf5 10. a3 Nc6 11. Be3 e5 12. d5 Ne7 13. Nc3 h6 14. Qd2 g5 15.
Rfe1 Nd7 16. Rad1 e4 17. Nd4 Bg6 18. f4 exf3 19. Nxf3 Nf5 20. Bf2 Re8 21. b4
Ne5 22. Nb5 a6 23. Nbd4 Nd6 24. Nxe5 Ne4 25. Nxf7 Bxf7 26. Qe3 Qf6 27. Qf3 Nxf2
28. Qxf2 Re4 29. Qxf6 Bxf6 30. Nf3 Bc3 31. Bd3 Rxe1+ 32. Nxe1 Re8 33. Nf3 Kg7
34. Kf2 a5 35. Rc1 axb4 36. axb4 Bxb4 37. Rb1 Bc5+ 38. Kf1 b6 39. Ra1 Re7 40.
Re1 Rxe1+ 41. Kxe1 Kf6 42. Ke2 1/2-1/2

[Event "5.Mansfelder Schloss-Open"]
[Site "Schloss Mansfeld"]
[Date "2020.07.25"]
[Round "5.5"]
[White "Schulte, Felix"]
[Black "Schomann, Michael"]
[Result "1-0"]
[WhiteElo "2176"]
[BlackElo "1666"]
[PlyCount "65"]
[EventDate "2020.??.??"]

1. d4 d5 2. c4 e6 3. Nc3 Nf6 4. Bg5 c6 5. e3 Nbd7 6. Qc2 Be7 7. cxd5 cxd5 8.
Bd3 O-O 9. Nf3 h6 10. Bf4 a6 11. h3 b5 12. O-O Bb7 13. a3 Rc8 14. Rac1 Ne4 15.
Bxe4 dxe4 16. Nd2 f5 17. Qb3 Rf6 18. Ne2 Bd5 19. Rxc8 Qxc8 20. Qc3 Qxc3 21.
Nxc3 g5 22. Bh2 Rf8 23. f3 exf3 24. Nxd5 exd5 25. Rxf3 Kg7 26. Rf1 Kg6 27. Rc1
Bf6 28. Rc6 a5 29. Nf3 Kh5 30. Rd6 g4 31. hxg4+ fxg4 32. Rxd5+ Bg5 33. Nxg5 1-0

[Event "5.Mansfelder Schloss-Open"]
[Site "Schloss Mansfeld"]
[Date "2020.07.25"]
[Round "5.6"]
[White "Gazic, Josip"]
[Black "Udelnov, Valentin"]
[Result "1-0"]
[WhiteElo "2147"]
[BlackElo "1558"]
[PlyCount "91"]
[EventDate "2020.??.??"]

1. e4 e5 2. Nf3 Nc6 3. Bc4 Bc5 4. O-O Nf6 5. b4 Bxb4 6. c3 Ba5 7. Ba3 d6 8. d4
exd4 9. e5 Nd7 10. exd6 Nde5 11. Nxe5 Nxe5 12. Qe2 Qf6 13. cxd4 Be6 14. Bxe6
Qxe6 15. dxe5 O-O 16. Nd2 Bc3 17. Rac1 Bxe5 18. Rfe1 cxd6 19. Nc4 Rfe8 20. Qd3
Rac8 21. f4 b5 22. Nxe5 dxe5 23. Rxe5 Qxa2 24. Qxb5 Rxc1+ 25. Bxc1 Rf8 26. h3
Qa1 27. Qb2 Qa4 28. Qa3 Qc6 29. Be3 a6 30. Qc5 Qa4 31. Kh2 h6 32. Qa5 Qc4 33.
Qd5 Qa4 34. Re4 Qc2 35. Bc5 Rc8 36. Re7 Qg6 37. f5 Qf6 38. Rd7 g6 39. Be7 Qxf5
40. Qxf5 gxf5 41. Rd8+ Rxd8 42. Bxd8 Kh7 43. Kg3 Kg6 44. Kf4 f6 45. Ba5 h5 46.
h4 1-0

[Event "5.Mansfelder Schloss-Open"]
[Site "Schloss Mansfeld"]
[Date "2020.07.25"]
[Round "5.7"]
[White "Reuter, Elisa"]
[Black "Geue, Niklas"]
[Result "0-1"]
[WhiteElo "1921"]
[BlackElo "2043"]
[PlyCount "62"]
[EventDate "2020.??.??"]

1. e4 e6 2. d4 d5 3. Nc3 Nf6 4. Bg5 dxe4 5. Nxe4 Be7 6. Bxf6 gxf6 7. Nf3 f5 8.
Ned2 b6 9. c3 Bf6 10. Nc4 Nd7 11. Nce5 Nxe5 12. Nxe5 Qd5 13. Qa4+ Kf8 14. Qc6
Qxc6 15. Nxc6 Bb7 16. Nb4 Rg8 17. Rg1 a5 18. Nd3 Rd8 19. f4 h5 20. Rd1 Bd5 21.
a3 h4 22. Rd2 Be7 23. Rd1 f6 24. Rd2 Kf7 25. Be2 Rh8 26. Bd1 c5 27. dxc5 bxc5
28. Bc2 c4 29. Nc1 Bc5 30. Rf1 Be3 31. Rd1 Bxg2 0-1

[Event "5.Mansfelder Schloss-Open"]
[Site "Schloss Mansfeld"]
[Date "2020.07.25"]
[Round "5.8"]
[White "Groebel, Henning"]
[Black "Peschel, Andreas"]
[Result "0-1"]
[WhiteElo "1489"]
[BlackElo "2199"]
[PlyCount "142"]
[EventDate "2020.??.??"]

1. e4 c5 2. d3 Nc6 3. g3 d5 4. Nd2 Nf6 5. Bg2 Bg4 6. f3 Bc8 7. Ne2 h5 8. h3 e5
9. O-O Be7 10. f4 h4 11. g4 dxe4 12. Nxe4 Nxe4 13. dxe4 Be6 14. b3 exf4 15.
Bxf4 Bf6 16. e5 Be7 17. Qxd8+ Rxd8 18. Rad1 O-O 19. c4 Bc8 20. Nc3 Rxd1 21.
Rxd1 Nd4 22. Be3 Ne6 23. Nd5 Bd8 24. Nf4 Bg5 25. Nd5 Bxe3+ 26. Nxe3 Nd4 27. Nd5
Re8 28. Re1 f6 29. Nc7 Rxe5 30. Rxe5 fxe5 31. Nd5 Kf7 32. Nc3 b6 33. Kf2 Bd7
34. Bd5+ Be6 35. Be4 Ke7 36. Bd3 Bf7 37. Ke3 Ne6 38. Nd5+ Kd6 39. Nc3 Nf4 40.
Bf1 Bg6 41. Nb5+ Kd7 42. Nxa7 Bb1 43. a3 Ne6 44. b4 Nd4 45. bxc5 bxc5 46. Nb5
Ne6 47. Nc3 Bh7 48. Nd5 Ng5 49. a4 Be4 50. Nc3 Bc6 51. a5 Bb7 52. Nb5 Ne6 53.
Bd3 Nd4 54. Be4 Bc6 55. Bxc6+ Kxc6 56. a6 Ne6 57. Ke4 Ng5+ 58. Kxe5 Nxh3 59. a7
Kb7 60. Nd6+ Kxa7 61. Nf5 Nf2 62. Nxh4 Nxg4+ 63. Kd5 Kb6 64. Nf5 g5 65. Ke4 Ka5
66. Nd6 Nf6+ 67. Kd3 Kb4 68. Nf7 g4 69. Ne5 Kb3 70. Ke3 Kc3 71. Kf4 Kd4 0-1

[Event "5.Mansfelder Schloss-Open"]
[Site "Schloss Mansfeld"]
[Date "2020.07.25"]
[Round "5.9"]
[White "Groebel, Aaron"]
[Black "Seifert, Ronny"]
[Result "1-0"]
[WhiteElo "2117"]
[BlackElo "1858"]
[PlyCount "55"]
[EventDate "2020.??.??"]

1. e4 d5 2. exd5 Nf6 3. Nc3 Nxd5 4. Ne4 c6 5. c4 Nf6 6. Ng3 g6 7. Nf3 Bg7 8.
Be2 O-O 9. Qb3 Qc7 10. d4 Bg4 11. O-O Nbd7 12. Be3 Rad8 13. h3 Bxf3 14. Bxf3 e6
15. Rfd1 Rfe8 16. Rac1 Qb8 17. Be2 Rc8 18. h4 h5 19. Bg5 Nh7 20. Qf3 Nxg5 21.
hxg5 Red8 22. Ne4 Bf8 23. g4 hxg4 24. Qxg4 e5 25. Kg2 exd4 26. Qxd7 Rxd7 27.
Nf6+ Kg7 28. Rh1 1-0

[Event "5.Mansfelder Schloss-Open"]
[Site "Schloss Mansfeld"]
[Date "2020.07.25"]
[Round "5.10"]
[White "Dr.Mahnke, Ralf"]
[Black "Witter, Jannes"]
[Result "0-1"]
[WhiteElo "1870"]
[BlackElo "1711"]
[PlyCount "62"]
[EventDate "2020.??.??"]

1. d4 g6 2. c4 d6 3. Nc3 Bg7 4. e4 Nd7 5. Be2 e5 6. d5 Nh6 7. Nf3 O-O 8. O-O f5
9. Ne1 f4 10. f3 Nf6 11. Nd3 g5 12. Nf2 Nf7 13. Bd2 h5 14. h3 Kh7 15. Be1 Rg8
16. Rc1 Bf8 17. Rc2 Nh6 18. b4 g4 19. fxg4 hxg4 20. Nxg4 Nfxg4 21. Bxg4 Bxg4
22. hxg4 Nxg4 23. Bf2 Qg5 24. Qf3 Rg6 25. Nb5 c6 26. Nc7 Rc8 27. Ne6 Qh5 28.
Qh3 Qxh3 29. gxh3 Ne3+ 30. Kh1 Nxf1 31. h4 Ng3+ 0-1

[Event "5.Mansfelder Schloss-Open"]
[Site "Schloss Mansfeld"]
[Date "2020.07.25"]
[Round "6.1"]
[White "Maltezeanu, Stefan"]
[Black "Schulte, Felix"]
[Result "1/2-1/2"]
[WhiteElo "2152"]
[BlackElo "2176"]
[PlyCount "56"]
[EventDate "2020.??.??"]

1. e4 c5 2. Nf3 e6 3. d4 cxd4 4. Nxd4 a6 5. Bd3 Qc7 6. O-O Nf6 7. Qe2 d6 8. Nc3
Nbd7 9. a4 b6 10. f4 Bb7 11. h3 Be7 12. f5 e5 13. Nb3 O-O 14. Bg5 Rfe8 15. Bxf6
Nxf6 16. Bc4 Rec8 17. Nd2 Qc5+ 18. Kh1 Qd4 19. Rad1 Rc7 20. Bb3 Qc5 21. Qd3 Rd7
22. Nc4 b5 23. axb5 axb5 24. Ne3 b4 25. Ncd5 Nxd5 26. Bxd5 Ba6 27. Bc4 Bg5 28.
Bxa6 Qxe3 1/2-1/2

[Event "5.Mansfelder Schloss-Open"]
[Site "Schloss Mansfeld"]
[Date "2020.07.25"]
[Round "6.2"]
[White "Solberg, Joachim"]
[Black "Pikalow, Michael"]
[Result "1-0"]
[WhiteElo "2253"]
[BlackElo "1823"]
[PlyCount "57"]
[EventDate "2020.??.??"]

1. e4 c5 2. c3 Nf6 3. e5 Nd5 4. Nf3 Nc6 5. d4 cxd4 6. cxd4 d6 7. exd6 Qxd6 8.
Nc3 e6 9. a3 Be7 10. Bc4 a6 11. O-O b5 12. Bd3 Nxc3 13. bxc3 Bf6 14. Qe2 Bb7
15. Re1 Na5 16. a4 Nb3 17. Bxb5+ Bc6 18. Ba3 Qd7 19. Bxc6 Qxc6 20. Reb1 Qxa4
21. Qb2 Rb8 22. Nd2 Be7 23. Bxe7 Kxe7 24. Nxb3 Rb5 25. Nc5 Qc4 26. Qa3 Rhb8 27.
Nxa6+ Kf6 28. Nxb8 Qe2 29. Nd7+ 1-0

[Event "5.Mansfelder Schloss-Open"]
[Site "Schloss Mansfeld"]
[Date "2020.07.25"]
[Round "6.3"]
[White "Geue, Niklas"]
[Black "Gazic, Josip"]
[Result "1/2-1/2"]
[WhiteElo "2043"]
[BlackElo "2147"]
[PlyCount "38"]
[EventDate "2020.??.??"]

1. e4 c5 2. Nf3 e6 3. d4 cxd4 4. Nxd4 Nc6 5. Nc3 Nxd4 6. Qxd4 Ne7 7. Nb5 Nc6 8.
Nd6+ Bxd6 9. Qxd6 Qe7 10. Qxe7+ Kxe7 11. Be3 d5 12. Bc5+ Ke8 13. exd5 exd5 14.
O-O-O Be6 15. Bd3 f6 16. f4 Rd8 17. Rhe1 Rg8 18. h3 Rh8 19. g4 h6 1/2-1/2

[Event "5.Mansfelder Schloss-Open"]
[Site "Schloss Mansfeld"]
[Date "2020.07.25"]
[Round "6.4"]
[White "van der Hoeven"]
[Black "Just, Wolfgang"]
[Result "1-0"]
[WhiteElo "1964"]
[BlackElo "2138"]
[PlyCount "121"]
[EventDate "2020.??.??"]

1. c4 e6 2. Nc3 Bb4 3. e4 Ne7 4. Qh5 d5 5. cxd5 exd5 6. Nxd5 Nxd5 7. Bc4 Qe7 8.
Qxd5 Nc6 9. Bb5 Bd7 10. a3 Bc5 11. Ne2 O-O-O 12. b4 Bxf2+ 13. Kxf2 Qf6+ 14. Kg3
Qxa1 15. Nc3 h5 16. Rf1 Rh6 17. Bb2 Rg6+ 18. Kf2 Qxb2 19. Rb1 Qxa3 20. Rb3 Rf6+
21. Ke3 Qc1 22. Rb1 Qxb1 23. Nxb1 Nxb4 24. Bxd7+ Rxd7 25. Qxh5 Nc2+ 26. Ke2
Nd4+ 27. Ke3 Rf1 28. Nc3 g6 29. Qc5 b6 30. Qc4 Re1+ 31. Kf2 Ra1 32. Nd5 c5 33.
Nf6 Rb7 34. Qd5 Rd1 35. Ke3 a5 36. Ne8 Kb8 37. Qd8+ Ka7 38. Nc7 Rb8 39. Qd7
Re1+ 40. Kf2 Re2+ 41. Kf1 Rb7 42. Qc8 Rxc7 43. Qxc7+ Ka6 44. Qxf7 Kb5 45. Qa2
c4 46. h4 Rxe4 47. Qb1+ Nb3 48. d3 Rxh4 49. dxc4+ Kxc4 50. Qxg6 Rh1+ 51. Ke2 b5
52. Qe4+ Nd4+ 53. Kd2 a4 54. Qd3+ Kc5 55. Qc3+ Kd5 56. Ke3 Rd1 57. g4 b4 58.
Qc8 a3 59. g5 b3 60. g6 b2 61. g7 1-0

[Event "5.Mansfelder Schloss-Open"]
[Site "Schloss Mansfeld"]
[Date "2020.07.25"]
[Round "6.5"]
[White "Schlierf, Heiko"]
[Black "Hourigan, Gerrit"]
[Result "0-1"]
[WhiteElo "1903"]
[BlackElo "2271"]
[PlyCount "42"]
[EventDate "2020.??.??"]

1. Nf3 c5 2. g3 d5 3. c4 Nf6 4. Bg2 e6 5. O-O Be7 6. cxd5 Nxd5 7. Nc3 O-O 8.
Nxd5 Qxd5 9. d3 Nc6 10. Bf4 Qh5 11. Qc1 Bd7 12. Re1 Rac8 13. Qd1 e5 14. Bd2 Be6
15. Bc3 Rfd8 16. Qc1 b5 17. b3 f6 18. Qb1 Rd7 19. Nd2 Nd4 20. Bxd4 cxd4 21. Bf3
Qh6 0-1

[Event "5.Mansfelder Schloss-Open"]
[Site "Schloss Mansfeld"]
[Date "2020.07.25"]
[Round "6.6"]
[White "Witter, Jannes"]
[Black "Hoffmann, Hendrik"]
[Result "0-1"]
[WhiteElo "1711"]
[BlackElo "2250"]
[PlyCount "120"]
[EventDate "2020.??.??"]

1. e4 d6 2. d4 Nf6 3. Nc3 g6 4. a3 Bg7 5. f4 O-O 6. Bd3 c5 7. dxc5 dxc5 8. e5
Nd5 9. Bd2 Nc6 10. Nf3 Nxc3 11. Bxc3 Qb6 12. Qe2 f6 13. Bc4+ Kh8 14. O-O-O Bg4
15. exf6 Bxf6 16. Bxf6+ exf6 17. h3 Nd4 18. Qf2 Bxf3 19. gxf3 Qc7 20. c3 Nf5
21. Bd5 Rad8 22. Be4 Qxf4+ 23. Kb1 b6 24. h4 Ng3 25. Qh2 f5 26. Bc2 Qxf3 27.
Qh3 Qg4 28. Qxg4 fxg4 29. Rxd8 Rxd8 30. Rg1 Nf5 31. Rxg4 Ne3 32. Rg1 Nxc2 33.
Kxc2 Kg7 34. h5 Rd5 35. hxg6 hxg6 36. c4 Rd6 37. b4 Kf6 38. Rf1+ Ke5 39. Rf7 a6
40. Ra7 g5 41. Rxa6 Kd4 42. bxc5 Kxc5 43. a4 Rd4 44. a5 Rxc4+ 45. Kd3 b5 46.
Rg6 Kb4 47. a6 Rc3+ 48. Kd2 Ra3 49. Rxg5 Rxa6 50. Rg4+ Kb3 51. Rg3+ Kb2 52. Rg4
Rd6+ 53. Ke2 Ka3 54. Rg8 b4 55. Ra8+ Kb2 56. Rb8 b3 57. Rc8 Kb1 58. Rb8 b2 59.
Ra8 Rd5 60. Rb8 Kc2 0-1

[Event "5.Mansfelder Schloss-Open"]
[Site "Schloss Mansfeld"]
[Date "2020.07.25"]
[Round "6.7"]
[White "Peschel, Andreas"]
[Black "Groebel, Aaron"]
[Result "1-0"]
[WhiteElo "2199"]
[BlackElo "2117"]
[PlyCount "35"]
[EventDate "2020.??.??"]

1. Nf3 g6 2. g3 Bg7 3. Bg2 e5 4. O-O d6 5. d4 Qe7 6. Nc3 c6 7. dxe5 dxe5 8. Ne4
Be6 9. Nd6+ Kf8 10. Nxb7 Na6 11. Na5 Qc7 12. Nxc6 Qxc6 13. Ng5 Qxg2+ 14. Kxg2
Ne7 15. Nxe6+ fxe6 16. Qd6 Nb8 17. e4 Nbc6 18. f4 1-0

[Event "5.Mansfelder Schloss-Open"]
[Site "Schloss Mansfeld"]
[Date "2020.07.25"]
[Round "6.8"]
[White "Reuter, Elisa"]
[Black "Westendorp, Christian"]
[Result "1/2-1/2"]
[WhiteElo "1921"]
[BlackElo "1861"]
[PlyCount "100"]
[EventDate "2020.??.??"]

1. e4 c5 2. Nf3 Nc6 3. Bb5 e6 4. Bxc6 bxc6 5. O-O d5 6. e5 Ne7 7. d3 Rb8 8. b3
Nf5 9. c4 Be7 10. Nc3 O-O 11. Na4 f6 12. exf6 Bxf6 13. Rb1 Nd4 14. Nxd4 Bxd4
15. Be3 Qd6 16. Bxd4 cxd4 17. cxd5 exd5 18. Qd2 Rf6 19. f4 Bd7 20. Rf2 Rbf8 21.
Rbf1 c5 22. Nb2 Re8 23. Nd1 Qe7 24. Qa5 Bf5 25. Qd2 Re6 26. h3 Re2 27. Rxe2
Qxe2 28. Qxe2 Rxe2 29. Nf2 Rxa2 30. g4 Bd7 31. Re1 Kf7 32. f5 Ra3 33. Re5 Bc6
34. g5 Rxb3 35. g6+ hxg6 36. fxg6+ Kf6 37. Ng4+ Kxg6 38. Re6+ Kf5 39. Rxc6 Rxd3
40. Rxc5 Ke6 41. Rc6+ Kf5 42. Rc5 Rxh3 43. Nf2 Rh4 44. Rxd5+ Ke6 45. Ra5 g6 46.
Rxa7 Rh8 47. Ra6+ Kf5 48. Ra5+ Kf4 49. Rd5 Ke3 50. Rg5 Rg8 1/2-1/2

[Event "5.Mansfelder Schloss-Open"]
[Site "Schloss Mansfeld"]
[Date "2020.07.25"]
[Round "6.9"]
[White "Bachmann, Sylvia"]
[Black "Ziervogel, Alexander"]
[Result "0-1"]
[WhiteElo "1648"]
[BlackElo "1847"]
[PlyCount "96"]
[EventDate "2020.??.??"]

1. e4 c6 2. d4 d5 3. exd5 cxd5 4. Nf3 Bg4 5. Be2 e6 6. O-O Bd6 7. Nc3 Nc6 8.
Be3 Nf6 9. h3 Bh5 10. Ne1 Bxe2 11. Qxe2 O-O 12. Nf3 a6 13. Bg5 h6 14. Bxf6 Qxf6
15. Rfd1 b5 16. a3 Rfc8 17. Na2 Na5 18. c3 Nc4 19. Nb4 a5 20. Nd3 Qe7 21. Nfe5
Bxe5 22. dxe5 Nb6 23. f4 Nd7 24. Kh2 Nc5 25. Nf2 Rab8 26. Qg4 b4 27. axb4 axb4
28. f5 bxc3 29. f6 Qf8 30. bxc3 Nb3 31. Ra7 Rxc3 32. Qh4 g6 33. Ng4 h5 34. Nf2
Rc4 35. Qg5 Nd4 36. Nd3 Nf5 37. g4 hxg4 38. hxg4 Qh6+ 39. Qxh6 Nxh6 40. Rda1
Nxg4+ 41. Kg3 Rb3 42. Ra8+ Kh7 43. R1a3 Rxa3 44. Rxa3 Kh6 45. Nf4 Nxe5 46. Nxe6
fxe6 47. Re3 Re4 48. Rxe4 dxe4 0-1

[Event "5.Mansfelder Schloss-Open"]
[Site "Schloss Mansfeld"]
[Date "2020.07.25"]
[Round "6.10"]
[White "Bangiev, Katharina"]
[Black "Schmidt, Alexander"]
[Result "1-0"]
[WhiteElo "1500"]
[BlackElo "1833"]
[Annotator "Doe,John"]
[PlyCount "31"]
[EventDate "2020.??.??"]

1. e4 g6 2. Nf3 Bg7 3. Nc3 d6 4. g3 e5 5. Bg2 Ne7 6. O-O O-O 7. d3 Nbc6 8. Be3
f5 9. exf5 gxf5 10. Bg5 Be6 11. Bxe7 Qxe7 12. Nh4 f4 13. Nd5 Qf7 14. Nc3 Nd4
15. Nf3 Nf5 16. Ng5 1-0

[Event "5.Mansfelder Schloss-Open"]
[Site "Schloss Mansfeld"]
[Date "2020.07.26"]
[Round "7.1"]
[White "Solberg, Joachim"]
[Black "Maltezeanu, Stefan"]
[Result "1/2-1/2"]
[WhiteElo "2253"]
[BlackElo "2152"]
[PlyCount "34"]
[EventDate "2020.??.??"]

1. e4 e6 2. Qe2 c5 3. Nf3 Nc6 4. g3 g6 5. Bg2 Bg7 6. O-O Nge7 7. d3 O-O 8. c3
b6 9. h4 d5 10. e5 Qc7 11. Bf4 Bb7 12. Re1 b5 13. Nbd2 a5 14. Nf1 d4 15. N1h2
dxc3 16. bxc3 b4 17. Rac1 Nd8 1/2-1/2

[Event "5.Mansfelder Schloss-Open"]
[Site "Schloss Mansfeld"]
[Date "2020.07.26"]
[Round "7.2"]
[White "Gazic, Josip"]
[Black "van der Hoeven"]
[Result "1-0"]
[WhiteElo "2147"]
[BlackElo "1964"]
[PlyCount "27"]
[EventDate "2020.??.??"]

1. e4 c5 2. Nc3 d6 3. Bc4 Nf6 4. d3 e6 5. Nge2 Be7 6. O-O O-O 7. Nf4 Nc6 8. a4
a6 9. Bd2 b5 10. Re1 Bb7 11. Re3 Ne5 12. Bxe6 fxe6 13. Nxe6 Qd7 14. Nxf8 1-0